Obras completas / (Registro nro. 7202)

Detalles MARC
000 -LIDER
fixed length control field 01404nam a2200361 a 4500
001 - NÚMERO DE CONTROL
Identificador de número de control 000013996
003 - IDENTIFICACDOR DE NÚMERO DE CONTROL
control field DO-SdBNP
005 - DATE AND TIME OF LATEST TRANSACTION
control field 20220706110107.0
007 - CAMPOS FIJOS DE DESCRIPCIÓN FÍSICA
fixed length control field 000013996
008 - ELEMENTOS DE LONGITUD FIJA
fixed length control field 091202s2003 dr 000 0 spa d
020 ## - ISBN
International Standard Book Number 9993486787 (v. 1)
020 ## - ISBN
International Standard Book Number 9993486779 (v. 2)
020 ## - ISBN
International Standard Book Number 9993489859 (v. 3)
020 ## - ISBN
International Standard Book Number 9993496502 (v. 4)
020 ## - ISBN
International Standard Book Number 9993496537 (Dura: v.5)
020 ## - ISBN
Qualifying information 9993496529 (Rústica: v. 5)
020 ## - ISBN
Qualifying information 9993496529 (Rústica: v. 5)
040 ## - FUENTE DE CATALOGACIÓN
Agencia que crea de manera original el registro BPMSU
Idioma de catalogación spa
Agencia que realiza la transcripción BPMSU
082 ## - NÚMERO DE CLASIFICACIÓN DECIMAL DE DEWEY
Classification number RD868.42
Item number H519o 2003
Edition number 22
100 1# - ASIENTO PRINCIPAL -- NOMBRE PERSONAL
Nombre personal Henríquez Ureña, Pedro,
Fechas asociadas con el nombre 1884 -1946
245 10 - MENCIÓN DE TITULO
Título Obras completas /
Mención de responsabilidad Pedro Henríquez Ureña ; edición Modesto E. Cuesta S.
260 ## - PUBLICACIÓN, DISTRIBUCIÓN, ETC. (PIE DE IMPRENTA)
Lugar de publicación, distribución, etc Santo Domingo :
Nombre del editor, distribuidor, etc. Editora Nacional,
Fecha de publicación, distribución, etc 2003.
300 ## - DESCRIPCIÓN FÍSICA
Extensión 5 v. ;
Dimensiones 23 cm.
504 ## - NOTA DE BIBLIOGRAFÍA, ETC.
Bibliography, etc Incluye referencias bibliográficas y notas al pie de las páginas
505 0# - NOTA DE CONTENIDO
Información miscelánea v. 1.
Título Ficción --
Información miscelánea v. 2.
Título Estudios literarios --
Información miscelánea v. 3.
Título Estudios métricos --
Información miscelánea v. 4.
Título Estudios lingüísticos y filológicos --
Información miscelánea v. 5.
Título Escritos políticos, sociológicos y filosóficos.
590 ## - NOTA LOCAL
Enlace Inventariado, 2022/VM
600 14 - ENCABEZAMIENTO DE MATERIA--NOMBRE PERSONAL
Nombre personal Henríquez Ureña, Pedro,
Fechas asociadas con el nombre 1884 -1946
Subdivisión temática general Colecciones de escritos
650 #4 - ENCABEZAMIENTO DE MATERIA--TEMÁTICO
Término temático o nombre geográfico como elemento de entrada Ensayos dominicanos
650 #4 - ENCABEZAMIENTO DE MATERIA--TEMÁTICO
Término temático o nombre geográfico como elemento de entrada Literatura dominicana
Subdivisión temática general Historia y crítica
700 1# - ASIENTO SECUNDARIO -- NOMBRE PERSONAL
Nombre personal Cuesta S., Modesto E.
Mención de responsabilidad editor
910 ## - VALIDACIÓN
Validación Vmateo V. / Validado. Control de calidad BNPHU.
942 ## - ADDED ENTRY ELEMENTS (KOHA)
Source of classification or shelving scheme Dewey Decimal Classification
Koha item type Libros
Existencias
Withdrawn status Lost status Source of classification or shelving scheme Damaged status Not for loan Collection code Home library Current library Date acquired Full call number Barcode Date last seen Copy number Price effective from Koha item type
    Dewey Decimal Classification     Colección Dominicana Biblioteca Pública Metropolitana Salomé Ureña Biblioteca Pública Metropolitana Salomé Ureña 01/19/2015 BPMSU CD RD868.42 H519o 2003 BPMSU15040656 01/19/2015 v. 1 01/19/2015 Libros
    Dewey Decimal Classification     Colección Dominicana Biblioteca Pública Metropolitana Salomé Ureña Biblioteca Pública Metropolitana Salomé Ureña 01/19/2015 BPMSU CD RD868.42 H519o 2003 BPMSU15040657 01/19/2015 v.1 e. 2 01/19/2015 Libros
    Dewey Decimal Classification     Colección Dominicana Biblioteca Pública Metropolitana Salomé Ureña Biblioteca Pública Metropolitana Salomé Ureña 01/19/2015 BPMSU CD RD868.42 H519o 2003 BPMSU15040658 01/19/2015 v.1 e.3 01/19/2015 Libros
    Dewey Decimal Classification     Colección Dominicana Biblioteca Pública Metropolitana Salomé Ureña Biblioteca Pública Metropolitana Salomé Ureña 01/19/2015 BPMSU CD RD868.42 H519o 2003 BPMSU15040659 01/19/2015 v.2 01/19/2015 Libros
    Dewey Decimal Classification     Colección Dominicana Biblioteca Pública Metropolitana Salomé Ureña Biblioteca Pública Metropolitana Salomé Ureña 01/19/2015 BPMSU CD RD868.42 H519o 2003 BPMSU15040660 01/19/2015 v.2 e. 2 01/19/2015 Libros
    Dewey Decimal Classification     Colección Dominicana Biblioteca Pública Metropolitana Salomé Ureña Biblioteca Pública Metropolitana Salomé Ureña 01/19/2015 BPMSU CD RD868.42 H519o 2003 BPMSU15040661 01/19/2015 v. 2 e. 3 01/19/2015 Libros
    Dewey Decimal Classification     Colección Dominicana Biblioteca Pública Metropolitana Salomé Ureña Biblioteca Pública Metropolitana Salomé Ureña 01/19/2015 BPMSU CD RD868.42 H519o 2003 BPMSU15040662 01/19/2015 v.3 01/19/2015 Libros
    Dewey Decimal Classification     Colección Dominicana Biblioteca Pública Metropolitana Salomé Ureña Biblioteca Pública Metropolitana Salomé Ureña 01/19/2015 BPMSU CD RD868.42 H519o 2003 BPMSU15040663 01/19/2015 v.3, e.2 01/19/2015 Libros
    Dewey Decimal Classification     Colección Dominicana Biblioteca Pública Metropolitana Salomé Ureña Biblioteca Pública Metropolitana Salomé Ureña 01/19/2015 BPMSU CD RD868.42 H519o 2003 BPMSU15040664 01/19/2015 v.3, e.3 01/19/2015 Libros
    Dewey Decimal Classification     Colección Dominicana Biblioteca Pública Metropolitana Salomé Ureña Biblioteca Pública Metropolitana Salomé Ureña 01/19/2015 BPMSU CD RD868.42 H519o 2003 BPMSU15040665 01/19/2015 v.4 01/19/2015 Libros
    Dewey Decimal Classification     Colección Dominicana Biblioteca Pública Metropolitana Salomé Ureña Biblioteca Pública Metropolitana Salomé Ureña 01/19/2015 BPMSU CD RD868.42 H519o 2003 BPMSU15040666 01/19/2015 v.4 e. 2 01/19/2015 Libros
    Dewey Decimal Classification     Colección Dominicana Biblioteca Pública Metropolitana Salomé Ureña Biblioteca Pública Metropolitana Salomé Ureña 01/19/2015 BPMSU CD RD868.42 H519o 2003 BPMSU15040667 01/19/2015 v.4, e.3 01/19/2015 Libros
    Dewey Decimal Classification     Colección Dominicana Biblioteca Pública Metropolitana Salomé Ureña Biblioteca Pública Metropolitana Salomé Ureña 01/19/2015 BPMSU CD RD868.42 H519o 2003 BPMSU15040668 01/19/2015 v. 5 01/19/2015 Libros
    Dewey Decimal Classification     Colección Dominicana Biblioteca Pública Metropolitana Salomé Ureña Biblioteca Pública Metropolitana Salomé Ureña 01/19/2015 BPMSU CD RD868.42 H519o 2003 BPMSU15040669 01/19/2015 v.5 e.2 01/19/2015 Libros
    Dewey Decimal Classification     Colección Dominicana Biblioteca Pública Metropolitana Salomé Ureña Biblioteca Pública Metropolitana Salomé Ureña 01/19/2015 BPMSU CD RD868.42 H519o 2003 BPMSU15040670 01/19/2015 v.5, e.3 01/19/2015 Libros